| 000 | 00916nam a2200229Ia 4500 | ||
|---|---|---|---|
| 999 |
_c36065 _d36065 |
||
| 001 | 1965 | ||
| 003 | GE_BSU | ||
| 005 | 20221006150254.0 | ||
| 008 | 181216s2006ru xx |||||||||||||| ||rus|| | ||
| 020 | _a9854893928 | ||
| 040 | _cGE_BSU | ||
| 041 | _arus | ||
| 080 | _a342.4(1-87)(075.8) В-19 | ||
| 100 |
_aВасилевич,Г.А. _915112 |
||
| 245 |
_aКонституционное право зарубежных стран : _bУчебник. для студ. / _cГ.А. Василевич, Н.М. Кондратович. |
||
| 264 |
_aМинск : _bКнижный двор, _c2006. |
||
| 300 |
_a480 стр.: _b20 см. |
||
| 653 | _aКонституционное право зарубежных стран | ||
| 653 | _aუცხო ქვეყნების კონსტიტუციური სამართალი | ||
| 700 |
_aКондратович, Н.М. _915113 |
||
| 942 |
_cBK _2udc |
||